000 00667cam a2200229 4500500
005 20260405002420.0
041 _afre
042 _adc
100 1 0 _aLegros, Martin
_eauthor
245 0 0 _aWaleed Obeed. L’odyssée d’un réfugié forgeron
260 _c2017.
500 _a25
690 _aActivisme
690 _aExil
690 _aGuillaume Le Blanc
690 _aMigration
690 _aRévolution
690 _aSyrie
690 _aWaleed Obeed
786 0 _nPhilosophie magazine | 108 | 4 | 2017-04-01 | p. 25-26 | 1951-1787
856 4 1 _uhttps://shs.cairn.info/magazine-philosophie-magazine-2017-4-page-25?lang=fr&redirect-ssocas=7080
999 _c2057457
_d2057457